00629nam a22001457a 4500008004100000040005500041080001800096245014100114260003500255300001000290650001200300942001300312999001700325952014100342230607b |||||||| |||| 00| 0 eng d aNational Science LibrarycNational Science Library a53(082.2)bN7 aProgress and partnership through physics c/ Sponsored By University Grants Commission and Council Of Scientific and Industrial Research aDelhi: bDepartment of Physics a103p. aSeminar 2udccSEM c40694d40694 00102udc406530822_N770960844aNSLbNSLcGF/Rk-12/C-13/R-3d1998-04-16l0o53(082.2) N7p177803r2024-11-06 00:00:00w1998-04-16yBK